5HLuxD.jpg

KING HENRY VIII SENIOR AND PRIMARY SCHOOL LIBRARY OPAC

Fishy tales / (Record no. 1654)

000 -LEADER
fixed length control field 00873cam a2200265 a 4500
001 - CONTROL NUMBER
control field (Sirsi) a954240
003 - CONTROL NUMBER IDENTIFIER
control field OSt
005 - DATE AND TIME OF LATEST TRANSACTION
control field 20230118082627.0
008 - FIXED-LENGTH DATA ELEMENTS--GENERAL INFORMATION
fixed length control field 151221s2012 si a c 000 1 eng d
020 ## - INTERNATIONAL STANDARD BOOK NUMBER
International Standard Book Number 9789810721541
Qualifying information (pbk.) :
040 ## - CATALOGING SOURCE
Original cataloging agency JJ
Language of cataloging eng
Transcribing agency TAE
Modifying agency KH8
042 ## - AUTHENTICATION CODE
Authentication code nbic
082 0# - DEWEY DECIMAL CLASSIFICATION NUMBER
Classification number 823.92 TAN
100 1# - MAIN ENTRY--PERSONAL NAME
Personal name Tan, Caline,
Dates associated with a name 1972-
Relator term author
245 10 - TITLE STATEMENT
Title Fishy tales /
Statement of responsibility, etc. written & illustrated by Caline Tan.
260 ## - PUBLICATION, DISTRIBUTION, ETC.
Place of publication, distribution, etc. Singapore :
Name of publisher, distributor, etc. Bubbly Books,
Date of publication, distribution, etc. 2012.
300 ## - PHYSICAL DESCRIPTION
Extent 109 p. :
Other physical details ill. ;
Dimensions 20 cm.
490 1# - SERIES STATEMENT
Series statement Robozonic ;
Volume/sequential designation 2.
520 ## - SUMMARY, ETC.
Summary, etc. Mabel is selected to represent her class in the 100-metre sprint. Determined to win, she plans to do some early training at school.
521 1# - TARGET AUDIENCE NOTE
Target audience note 9-12.
650 #0 - SUBJECT ADDED ENTRY--TOPICAL TERM
Topical term or geographic name entry element Friendship
Form subdivision Juvenile fiction.
650 #0 - SUBJECT ADDED ENTRY--TOPICAL TERM
Topical term or geographic name entry element Robots
Form subdivision Juvenile fiction.
800 1# - SERIES ADDED ENTRY--PERSONAL NAME
Personal name Tan, Caline,
Dates associated with a name 1972-
Title of a work Robozonic ;
Volume/sequential designation 2.
942 ## - ADDED ENTRY ELEMENTS (KOHA)
Source of classification or shelving scheme
Koha item type Books - Non Ficton
Holdings
Withdrawn status Lost status Source of classification or shelving scheme Damaged status Not for loan Collection code Permanent Location Current Location Shelving location Date acquired Full call number Barcode Date last seen Price effective from Koha item type
          Non-Fiction KH8 Primary School Library KH8 Primary School Library Non Fiction 2023-01-18 823.92 TAN KHPL000003412 2025-12-05 2023-01-18 Books - Non Ficton

Powered By KH8 IT Dept